000 00308nam a22001097a 4500
082 _a327/ARP
100 _aApri,Claude
_983970
245 _aTibet:when the gods spoke
_bIndia Tibet Relations 1947-1962
260 _aDelhi
_bVij Books India pvt ltd
_c2019
650 _aInternational relations
_92185
942 _cBK
999 _c68986
_d68986